000 00809nam a2200229 i 4500
001 71207
003 ES-MaACL
005 20230906171050.0
007 t|
008 040806s1978 sp ||||1| spa d
100 1 _aGautreau, Ronald.
_956060
245 1 0 _aTeoría y problemas de física moderna /
_cpor Ronald Gautreau, William Savin ; traducción, Augusto Rodríguez Molano ; revisión, Mauricio García Castañeda.
260 _aBogotá :
_bMcGraw-Hill,
_c[1978]
300 _a312 p. :
_bil. ;
_c28 cm.
490 1 _aSerie de Compendios Schaum
700 1 _aSavin, William.
_9104072
700 1 _aRodríguez Molano, Augusto.
_998668
700 1 _aGarcía Castañeda, Mauricio.
_954352
830 0 _aSerie de Compendios Schaum
_9181142
852 _aES-MaACL
_jL-2082
_bR.102692
999 _c71207
_d71207